MARC details
| 001 - CONTROL NUMBER |
| control field |
22549137 |
| 003 - CONTROL NUMBER IDENTIFIER |
| control field |
0199098 |
| 005 - DATE AND TIME OF LATEST TRANSACTION |
| control field |
20251011131253.0 |
| 008 - FIXED-LENGTH DATA ELEMENTS--GENERAL INFORMATION |
| fixed length control field |
220514s2023 enk b 001 0 eng |
| 010 ## - LIBRARY OF CONGRESS CONTROL NUMBER |
| LC control number |
2022012527 |
| 020 ## - INTERNATIONAL STANDARD BOOK NUMBER |
| International Standard Book Number |
9781032115658 |
| 020 ## - INTERNATIONAL STANDARD BOOK NUMBER |
| International Standard Book Number |
9781032126432 |
| 020 ## - INTERNATIONAL STANDARD BOOK NUMBER |
| Cancelled/invalid ISBN |
9781003225546 |
| 035 ## - SYSTEM CONTROL NUMBER |
| System control number |
22549137 |
| 040 ## - CATALOGING SOURCE |
| Original cataloging agency |
LBSOR/DLC |
| Language of cataloging |
eng |
| Description conventions |
rda |
| Transcribing agency |
DLC |
| 042 ## - AUTHENTICATION CODE |
| Authentication code |
pcc |
| 043 ## - GEOGRAPHIC AREA CODE |
| Geographic area code |
e------ |
| 050 00 - LIBRARY OF CONGRESS CALL NUMBER |
| Classification number |
Q130 |
| Item number |
.C656 2023 |
| 082 00 - DEWEY DECIMAL CLASSIFICATION NUMBER |
| Classification number |
305.43/5094 |
| Edition number |
23/eng20220616 |
| 100 ## - MAIN ENTRY--PERSONAL NAME |
| Relator code |
edited by Palmen Rachel |
| 245 02 - TITLE STATEMENT |
| Title |
A community of practice approach to improving gender equality in research / |
| Statement of responsibility, etc |
|
| 260 ## - PUBLICATION, DISTRIBUTION, ETC. (IMPRINT) |
| Place of publication, distribution, etc |
New York, NY : |
| Name of publisher, distributor, etc |
Routledge, |
| Date of publication, distribution, etc |
2023. |
| 263 ## - PROJECTED PUBLICATION DATE |
| Projected publication date |
2207 |
| 264 #1 - PUBLICATION, DISTRIBUTION, ETC. (IMPRINT) |
| Place of publication, distribution, etc |
Abingdon, Oxon ; |
| -- |
New York, NY : |
| Name of publisher, distributor, etc |
Routledge, |
| Date of publication, distribution, etc |
2023. |
| 300 ## - PHYSICAL DESCRIPTION |
| Extent |
xviii, 220p.: |
| Other physical details |
ill., tables |
| 336 ## - CONTENT TYPE |
| Content type term |
text |
| Content type code |
txt |
| Source |
rdacontent |
| 337 ## - MEDIA TYPE |
| Media type term |
unmediated |
| Media type code |
n |
| Source |
rdamedia |
| 338 ## - CARRIER TYPE |
| Carrier type term |
volume |
| Carrier type code |
nc |
| Source |
rdacarrier |
| 504 ## - BIBLIOGRAPHY, ETC. NOTE |
| Bibliography, etc |
Includes bibliographical references and index. |
| 505 0# - FORMATTED CONTENTS NOTE |
| Formatted contents note |
|
| 520 ## - SUMMARY, ETC. |
| Summary, etc |
"Bringing together the latest research among various communities of practice (disciplinary and place based, thematically organised, or type of organisation) - this volume reflects upon the knowledge, experience and practice gained through taking a unique community of practice approach to fostering gender equality in the sectors of research and innovation, and higher education in Europe and beyond. Based on research funded by the European Union, it considers how inter-organisational collaboration - can foster change for gender equality, through the sharing of experiences of Gender Equality Plan implementation and examining the role of measures such as change-monitoring systems. As such, it will appeal to social scientists with interests in organisational change, the sociology of work and gender equality"-- |
| Assigning source |
Provided by publisher. |
| 650 #0 - SUBJECT ADDED ENTRY--TOPICAL TERM |
| Topical term or geographic name as entry element |
Sex discrimination in science |
| Geographic subdivision |
European Union countries. |
| 650 #0 - SUBJECT ADDED ENTRY--TOPICAL TERM |
| Topical term or geographic name as entry element |
Sex discrimination in higher education |
| Geographic subdivision |
European Union countries. |
| 650 #0 - SUBJECT ADDED ENTRY--TOPICAL TERM |
| Topical term or geographic name as entry element |
Sex discrimination against women |
| Geographic subdivision |
European Union countries. |
| 650 #0 - SUBJECT ADDED ENTRY--TOPICAL TERM |
| Topical term or geographic name as entry element |
Women in science |
| Geographic subdivision |
European Union countries. |
| 650 #0 - SUBJECT ADDED ENTRY--TOPICAL TERM |
| Topical term or geographic name as entry element |
Research |
| General subdivision |
Social aspects |
| Geographic subdivision |
European Union countries. |
| 650 #0 - SUBJECT ADDED ENTRY--TOPICAL TERM |
| Topical term or geographic name as entry element |
Communities of practice |
| Geographic subdivision |
European Union countries. |
| 700 1# - ADDED ENTRY--PERSONAL NAME |
| Personal name |
Palmen, Rachel, |
| Relator term |
editor. |
| 700 1# - ADDED ENTRY--PERSONAL NAME |
| Personal name |
|
| Titles and other words associated with a name |
(Researcher in gender equality), |
| Relator term |
editor. |
| 776 08 - ADDITIONAL PHYSICAL FORM ENTRY |
| Relationship information |
Online version: |
| Title |
Community of practice approach to improving gender equality in research |
| Place, publisher, and date of publication |
Abingdon, Oxon ; New York, NY : Routledge, 2023 |
| International Standard Book Number |
9781003225546 |
| Record control number |
(DLC) 2022012528 |
| 906 ## - LOCAL DATA ELEMENT F, LDF (RLIN) |
| a |
7 |
| b |
cbc |
| c |
orignew |
| d |
1 |
| e |
ecip |
| f |
20 |
| g |
y-gencatlg |
| 942 ## - ADDED ENTRY ELEMENTS (KOHA) |
| Source of classification or shelving scheme |
Library of Congress Classification |
| Koha item type |
Books |